Statistiken für Hauptstädte der Österreichischen Bundesländer mit Karte

Klicken Sie hier um das Quiz zu spielen!

Allgemein

  • Dieses Quiz wurde 292 mal gespielt
  • Das Durchschnittsergebnis liegt bei 8 aus 9

Antworten auf der Karte

Die Antworten werden auf der Karte rot bzw. grün angezeigt, abhängig davon wie oft sie richtig erraten wurden.
 

Antwortstatistiken

BundeslandHauptstadt% Korrekt
SalzburgSalzburg
99%
WienWien
98%
SteiermarkGraz
93%
TirolInnsbruck
93%
OberösterreichLinz
92%
KärntenKlagenfurt
88%
VorarlbergBregenz
84%
NiederösterreichSt. Pölten
83%
BurgenlandEisenstadt
78%

Verteilung der Resultate

Perzentil nach korrekt beantworteten Fragen

Anzahl Personen mit jedem Resultat

Ihre Resultats-Entwicklung

Sie haben dieses Quiz noch nicht gespielt